Portugal : Staff Report for the 2001 Article IV Consultation.

This 2001 Article IV Consultation highlights that after an extended period of real convergence in living standards toward the euro area average, the Portuguese economy weakened markedly in 2001. GDP growth in 2001 is estimated at about 1.6 percent, about half the rate recorded over the previous two...

Deskribapen osoa

Xehetasun bibliografikoak
Erakunde egilea: International Monetary Fund
Formatua: Aldizkaria
Hizkuntza:English
Argitaratua: Washington, D.C. : International Monetary Fund, 2002.
Saila:IMF Staff Country Reports; Country Report ; No. 2002/090
Sarrera elektronikoa:Full text available on IMF
LEADER 01665cas a2200241 a 4500
001 AALejournalIMF001963
008 230101c9999 xx r poo 0 0eng d
020 |c 5.00 USD 
020 |z 9781451832143 
022 |a 1934-7685 
040 |a BD-DhAAL  |c BD-DhAAL 
110 2 |a International Monetary Fund. 
245 1 0 |a Portugal :   |b Staff Report for the 2001 Article IV Consultation. 
264 1 |a Washington, D.C. :  |b International Monetary Fund,  |c 2002. 
300 |a 1 online resource (40 pages) 
490 1 |a IMF Staff Country Reports 
500 |a <strong>Off-Campus Access:</strong> No User ID or Password Required 
500 |a <strong>On-Campus Access:</strong> No User ID or Password Required 
506 |a Electronic access restricted to authorized BRAC University faculty, staff and students 
520 3 |a This 2001 Article IV Consultation highlights that after an extended period of real convergence in living standards toward the euro area average, the Portuguese economy weakened markedly in 2001. GDP growth in 2001 is estimated at about 1.6 percent, about half the rate recorded over the previous two years. The growth slowdown reflected to some extent the waning effect of euro-entry-related declines in interest rates and private sector responses to rising indebtedness levels. Inflation has continued to exceed the euro area average, reflecting to an important extent relatively strong cost pressures in Portugal. 
538 |a Mode of access: Internet 
830 0 |a IMF Staff Country Reports; Country Report ;  |v No. 2002/090 
856 4 0 |z Full text available on IMF  |u http://elibrary.imf.org/view/journals/002/2002/090/002.2002.issue-090-en.xml  |z IMF e-Library